Contratos electrónicos. Teoría general y cuestiones procesales
Saved in:
| Hovedforfatter: | |
|---|---|
| Andre forfattere: | |
| Format: | Ukendt |
| Sprog: | engelsk |
| Udgivet: |
Santiago, Chile
Thomson Reuters
2020
|
| Fag: | |
| Tags: |
Tilføj Tag
Ingen Tags, Vær først til at tagge denne postø!
|
MARC
| LEADER | 00000 a2200000 4500 | ||
|---|---|---|---|
| 003 | CL-VaPUC | ||
| 005 | 20230405151954.0 | ||
| 008 | 210107b ||||| |||| 00| 0 eng d | ||
| 999 | |c 432494 |d 432492 | ||
| 020 | |a 978-956-400-158-6 | ||
| 040 | |c Pontificia Universidad Católica de Valparaíso | ||
| 082 | 0 | 4 | |a 346.8302 ORD 2020 |
| 100 | 1 | |a Ordoñez, Carlos J. |9 859287 |e autor | |
| 245 | |a Contratos electrónicos. |b Teoría general y cuestiones procesales | ||
| 260 | |a Santiago, Chile |b Thomson Reuters |c 2020 | ||
| 300 | |a 2 tomos | ||
| 583 | |k Cristina Rojas |c 20210107 | ||
| 650 | 1 | 0 | |a Contratos electrónicos (Smart contracts) |x Derecho procesal |9 466607 |
| 650 | 1 | |a Documentos electrónicos |9 462158 |x Aspectos jurídicos | |
| 700 | |a Bielli, Gastón E. |9 859314 |e autor | ||
| 852 | |a BIBCUR | ||
| 942 | |2 ddc |c BK | ||
| 952 | |0 0 |1 0 |2 ddc |4 0 |6 346_830200000000000_ORD_2020 |7 0 |8 A |9 577442 |a BIBDER |b BIBDER |d 2021-01-07 |e 31 |g 0.00 |h t.I |i 5581915 |l 3 |m 1 |o 346.8302 ORD 2020 |p 5581915 |r 2023-07-14 |s 2023-07-05 |t 1 |v 0.00 |w 2021-01-07 |y BK |k DER | ||
| 952 | |0 0 |1 0 |2 ddc |4 0 |6 346_830200000000000_ORD_2020 |7 0 |8 A |9 577443 |a BIBDER |b BIBDER |d 2021-01-07 |e 31 |g 0.00 |h t.II |i 5581923 |l 2 |o 346.8302 ORD 2020 |p 5581923 |r 2023-01-25 |s 2022-12-02 |t 1 |v 0.00 |w 2021-01-07 |y BK |k DER | ||